000 00494nam a2200181Ia 4500
005 20250508160312.0
008 008 250505s9999 xx 000 0 eng d
037 _aTextual
040 _aFEDL
_beng
_cFEDL
041 _aeng
_2eng
084 _a407, FRI
_qFEDL
100 _aFries Charles C
245 0 _aLinguistics and reading
260 _aNew York, USA
_bHolt, Rinehart and Winston
_c1963
300 _axxi,265p.
942 _cTEXL
_h407, FRI
999 _c1363497
_d1363497